Herkunfts- und Familienforschung am Beispiel Galiziens

Titel: Herkunfts- und Familienforschung am Beispiel Galiziens
Verfasser:
Beteiligt:
In: Erfahrung und Zeugnis der Deutschen aus Polen, (1987), Seite 94-95
alle Artikel anzeigen
Veröffentlicht: 1987
Format: Aufsatz
Sprache: Deutsch
Kein Bild verfügbar
X
alg: 39163640
001A    $01999:11-11-16 
001B    $01999:29-03-21 $t21:45:47.000 
001D    $01999:11-11-16 
001U    $0utf8 
001X    $00 
002@    $0Aox 
003@    $0391636405 
007A    $0391636405 $aHEB 
007T    $0Herd78590 
010@    $ager 
011@    $a1987 
021A    $aHerkunfts- und Familienforschung am Beispiel Galiziens 
028A    $aPeiker $dRudolf 
028B/01 $aHexel $dErnst 
031A    $h94-95 $j1987 
039B    $aIn $8--Aauc--. Erfahrung und Zeugnis der Deutschen aus Polen. - Berlin {[u.a.] : Westkreuz-Verl., 1987. - 171 S.. - zahlr. Ill.. - ISBN 3-922131-54-9 $x198700000000000906 $9007404484 
045F    $a929.09438 $eDDC23BSB 
045F/01 $a929 
045F/03 $g438 

lok: 39163640 78

exp: 39163640 78 1 #EPN
201B/01 $021-11-17 $t23:06:51.000 
201U/01 $0utf8 
203@/01 $0787730882 
208@/01 $a11-11-16 $be 
209A/01 $a/ $f000 $x00 
220C/01 $aTitelaufnehmer: cs 
244Z/01 $2Trx $#Poola $#Lenkija $#Polija $#Polen Land $#Poland $#Lengyelország $#Poľsko $#Polsko $8--Trx--Polska$gkraj $x01 $9391345966 
244Z/01 $#Galizien (Osteuropa) $#Galicja $#Galicija $#Galizien und Lodomerien $#Königreich Galizien $#Provinz Galizien $#Halyčyna $#Galiitsia $#Galīcija $#Galičina $#Halič $74019124-2 $8--Tg1--Galizien $x02 $9085045411 
244Z/01 $aGeschichte 1800-1986 $x03 
244Z/01 $2Trx $#perekonna ajalugu $#genealogija mokslas $#genealogy $#családkutatás genealógia $#genealogia nauka $#genealógia náuka $#genealogie nauka $#genealoogia $#Genealogie $8--Trx--Familienforschung$gGenealogie $x04 $9391361422 
244Z/01 $2Trx $8--Trx--Einzelbeiträge $x05 $9391384570 
245Z/01 $a04.06 $x01 
247C/01 $82080>Marburg/Lahn, Herder-Institut, Forschungsbibliothek, Bibliographieportal $9336309341
LEADER 00000caa a22000002c 4500
001 391636405
003 DE-603
005 20210329214547.0
007 tu
008 161111s1987 xx |||| | u00||u|ger c
035 |a (DE-599)HEB391636405 
040 |a DE-603  |b ger  |c DE-603  |d DE-603 
041 |a ger 
082 0 4 |8 1\u  |a 929.09438  |q DE-101  |2 23/BSB 
085 |8 1\u  |b 929 
085 |8 1\u  |z 2  |s 438 
100 1 |a Peiker, Rudolf 
245 0 0 |a Herkunfts- und Familienforschung am Beispiel Galiziens 
264 0 |c 1987 
700 1 |a Hexel, Ernst 
773 0 8 |i In  |t Erfahrung und Zeugnis der Deutschen aus Polen  |d Berlin ˜[u.a.] œ: Westkreuz-Verl., 1987  |h 171 S., zahlr. Ill.  |z 3922131549  |g (1987), Seite 94-95  |w (DE-603)007404484 
924 0 |9 2080  |a (DE-603)787730882  |b DE-2080  |c HES  |d d  |g /